Introducción a la literatura griega /

Los griegos no vivían en un mágico aislamiento de los demás pueblos mediterráneos y, al llevar a cabo sus empresas militares o comerciales, pudieron tomar de aquí y de allá leyendas o técnicas. Con todo, sus deudas con los demás pueblos son pocas, y mucho menos importantes que el empleo que de ellos...

Full description

Bibliographic Details
Main Author: Bowra, C. M. (Cecil Maurice), 1898-1971
Format: Libro
Language:Spanish
Published: Madrid Gredos 2007
Series:Grandes obras de cultura
Subjects:
Online Access:

MARC

LEADER 00000cam a2200000 a 4500
001 021701
003 UAHC_CL
005 20170803122024.0
008 091028s2007 sp 000 spa
020 |a 9788424928773 
040 |a UAHC_CL  |c UAHC_CL  |d UAHC_CL 
082 0 4 |a 880.9  |b B788  |2 20 
100 1 |a Bowra, C. M.  |q (Cecil Maurice),  |d 1898-1971 
245 1 0 |a Introducción a la literatura griega /  |c C.M. Bowra ; traducción de Luis Gil. 
260 |b Gredos  |a Madrid  |c 2007 
300 |a 373 p. 
490 0 |a Grandes obras de cultura 
520 |a Los griegos no vivían en un mágico aislamiento de los demás pueblos mediterráneos y, al llevar a cabo sus empresas militares o comerciales, pudieron tomar de aquí y de allá leyendas o técnicas. Con todo, sus deudas con los demás pueblos son pocas, y mucho menos importantes que el empleo que de ellos hicieron o las innovaciones que introdujeron. Desde los primeros versos que nos quedande ellos hasta las últimas producciones del paganismo, unos doce siglos después, imprimieron un sello inconfundible a su arte de la palabra. Los griegos obraron siempre en la creencia de que la literatura tenía la capacidad de encantar los oídos de los hombres. La versión castellana que aquí presentamos es de Luis Gil, uno de nuestros más reputados helenistas. 
521 |a Literatura del mundo clásico 
650 4 |a LITERATURA GRIEGA  |x HISTORIA Y CRITICA 
653 |a PEDAGOGIA EN LENGUA CASTELLANA Y COMUNICACION 
658 |a Rojas, Gonzalo 
900 |a 880.9 BOW 
942 |c BK 
952 |0 0  |1 0  |4 0  |6 880_900000000000000_BOW  |7 0  |8 General  |9 42977  |a BC  |b BC  |c General  |d 2017-08-03  |l 0  |o 880.9 BOW  |p 1374637  |r 2025-11-26 00:00:00  |t 1  |w 2017-08-03  |y BK 
999 |c 21701  |d 21701